| 000 | 00760nam a2200121Ia 4500 | ||
|---|---|---|---|
| 008 | 220620s9999||||xx |||||||||||||| ||und|| | ||
| 245 | 0 |
_aConvergence Culture Reconsidered _bMedia – Participation – Environments |
|
| 546 | _aEnglish[eng] | ||
| 650 | _aliterature||culture||media||Sherlock Holmes||Transmedia storytelling | ||
| 700 | _aGeorgi, Claudia||Glaser, Brigitte Johanna | ||
| 856 | _uhttps://library.oapen.org/bitstream/20.500.12657/32463/1/610387.pdf||https://library.oapen.org/bitstream/20.500.12657/32463/1/610387.pdf||https://library.oapen.org/bitstream/20.500.12657/32463/1/610387.pdf||https://library.oapen.org/bitstream/20.500.12657/32463/1/610387.pdf||https://library.oapen.org/bitstream/20.500.12657/32463/1/610387.pdf | ||
| 942 | _cEB | ||
| 999 |
_c30583 _d30583 |
||